00245 a2200109 4500001000700000020000600007040001100013100002700024240004000051245003500091362000900126169694 a  cMagnum aPereira, Lusia Ribeiro10aFazer pesquisa e um problema ?lpor10aFazer pesquisa e um problema ?0 a1899